000 02145cam a2200253 4500500
005 20260222004246.0
041 _afre
042 _adc
100 1 0 _aAbrioux, Florence
_eauthor
700 1 0 _aSpieth, Grégory
_eauthor
700 1 0 _aTanchoux, Philippe
_eauthor
245 0 0 _aD’une crise à l’autre, résilience et apprentissage organisationnel différenciés : le cas des musées
260 _c2026.
500 _a81
520 _aCet article compare l’impact de situations de crises distinctes dans le monde des musées, à partir du cas d’Orléans pour la crise sanitaire. Il explore comment la résilience et l’apprentissage organisationnel se manifestent pour en déduire des préconisations managériales. La comparaison entre les crises sanitaires donne une perspective à l’analyse. La crise du Covid a modifié le rapport aux publics et aux formes de médiation à distance. Les confinements répétés permettent d’observer finement les étapes comme les effets individuels et organisationnels du confinement. L’analyse contemporaine sur les musées d’Orléans est menée à partir d’entretiens auprès des agents des musées. Le corpus textuel recueilli a été l’objet d’une analyse de contenu et d’une analyse quantitative via Tropes. Dans le cas de la crise sanitaire, l’absence de public conjuguée à la rupture dans le rapport à l’espace et au temps à laquelle les agents sont soumis ont modifié le rapport à l’activité. Sa réorganisation s’appuie autant sur ses réseaux personnels que professionnels. Si certaines adaptations sont temporaires, pour surmonter la situation, d’autres semblent modifier la perspective professionnelle de manière plus durable, y compris au niveau du cœur de métier.
690 _aapprentissage organisationnel
690 _aCrise
690 _acrise de guerre
690 _acrise sanitaire
690 _amusée
690 _arésilience
786 0 _nManagement & Prospective | 42 | 1-2 | 2026-01-21 | p. 259-277
856 4 1 _uhttps://shs.cairn.info/revue-management-prospective-2025-1-page-259?lang=fr&redirect-ssocas=7080
999 _c1668313
_d1668313